| 000 | 00977nam a2200313 i 4500 | ||
|---|---|---|---|
| 001 | bg | ||
| 245 | 1 | 0 |
_aPropedeutyka finansów / _cpod red. nauk. Lecha Szyszko ; aut. Dorota Bem [et al.]. |
| 260 |
_aWarszawa : _bSzkoła Główna Handlowa. Oficyna Wydaw., _c2004. |
||
| 300 |
_a216 s. ; _c24 cm. |
||
| 504 | _aBibliogr., wykaz aktów prawnych. | ||
| 650 | 9 | _aFinanse | |
| 650 | 9 | _aBanki | |
| 650 | 9 | _aBudżet państwowy | |
| 650 | 9 | _aPodatki | |
| 650 | 9 |
_aUbezpieczenia _xzagadnienia |
|
| 650 | 9 |
_aRynek finansowy _xzagadnienia |
|
| 650 | 9 |
_aFinanse międzynarodowe _xzagadnienia |
|
| 655 | _aPodręczniki akademickie | ||
| 700 | 1 |
_aSZYSZKO, Lech. _eRed. |
|
| 700 | 1 | _aBEM, Dorota | |
| 020 | _a8373781005 | ||
| 040 | _cBPK | ||
| 041 | 0 | _apol | |
| 080 | _a336:339.7:368/369](075.8) | ||
| 920 | _a83-7378-100-5 | ||
| 942 | _cKS | ||
| 008 | s pl f |000 0 pol | ||
| 999 |
_c44958 _d44958 |
||
| 856 |
_uhttp://koha.tu.koszalin.pl/cgi-bin/koha/opac-detail.pl?biblionumber=44958 _yKatalog online BPK |
||